| 000 | 00682nam a2200205 a 4500 | ||
|---|---|---|---|
| 001 | 000034551 | ||
| 003 | OSt | ||
| 005 | 20200930073749.0 | ||
| 008 | 111006s2012 pr ac 000 0 spa d | ||
| 040 |
_aDO-SdBNP _bspa _cBNPHU |
||
| 100 | 1 |
_aMalavet Vega, Pedro _959984 |
|
| 245 | 1 | 3 |
_aEl abogado criminalista en Puerto Rico / _cPedro Malavet Vega. |
| 260 |
_aPuerto Rico : _bEdiciones Omar, _c2012. |
||
| 300 |
_ax, 311 p. : _bils., retr. ; _c23 cm. |
||
| 500 | _aIncluye referencias bibliográficas y notas al pie de las páginas | ||
| 500 | _aIncluye datos biográficos del autor en las solapas. | ||
| 504 | _aBibliografía : p. 299-302 | ||
| 942 |
_2ddc _cLF1 |
||
| 956 | _aLOPEREZ | ||
| 999 |
_c34042 _d34042 |
||